000 00660nam a2200229Ia 4500
005 20260320201934.0
008 008 262003s9999 xx 000 0 eng d
037 _aEBOOK
040 _aCRL
040 _beng
040 _cCRL
041 _2eng
041 _aeng
084 _qCRL
100 _aBahri
_9627175
245 0 _aPractical Model-Driven Enterprise Architecture: Design a mature enterprise architecture repository using Sparx Systems Enterprise Architect and ArchiMate® 3.1
260 _bIEEE
856 _uhttps://ieeexplore.ieee.org/servlet/opac?bknumber=10163675
942 _cEBOOK
999 _c1724393
_d1724393